On the possibility of a phosphorescence microscope

Elmentve itt :
Bibliográfiai részletek
Szerző: Szent-Györgyi Albert
Dokumentumtípus: Cikk
Megjelent: 1965-01
Sorozat:Applied Optics 4 No. 1
Online Access:http://misc.bibl.u-szeged.hu/73552
LEADER 00612nab a2200169 i 4500
001 misc73552
005 20241018153626.0
008 240222s1965 hu o 000 eng d
040 |a SZTE Miscellanea Repozitórium  |b hun 
041 |a eng 
100 2 |a Szent-Györgyi Albert 
245 1 3 |a On the possibility of a phosphorescence microscope  |h [elektronikus dokumentum] /  |c  Szent-Györgyi Albert 
260 |c 1965-01 
300 |a 137 
490 0 |a Applied Optics  |v 4 No. 1 
561 |a Szent-Györgyi Albert tudományos és egyéb írásai 
856 4 0 |u http://misc.bibl.u-szeged.hu/73552/1/szgya_amerikai_188.pdf  |z Dokumentum-elérés